Chính sách hỗ trợ khi nhà nước thu hồi đất /

Spremljeno u:
Bibliografski detalji
Glavni autor: Trần Quang Huy, TS.
Format: Članak
Jezik:Vietnamese
Teme:
Oznake: Dodaj oznaku
Bez oznaka, Budi prvi tko označuje ovaj zapis!
Thư viện lưu trữ: Thư viện Trường Đại học Đà Lạt
LEADER 00763nam a2200265 4500
001 DLU120138229
005 ##20120724
040 # # |a DLU  |b vie 
041 # # |a vie 
044 # # |a vn 
100 # # |a Trần Quang Huy,   |c TS. 
245 # # |a Chính sách hỗ trợ khi nhà nước thu hồi đất /  |c Trần Quang Huy. 
653 # # |a Hỗ trợ nghề nghiệp 
653 # # |a Thu hồi đất 
653 # # |a Việc làm 
773 # # |t Tạp chí Luật học  |g Số 10, 2010, tr. 29-36 
920 # # |a Phòng Tạp chí -- Trung tâm Thông tin - Thư viện Trường Đại học Đà Lạt 
994 # # |a DLU 
900 # # |a True 
911 # # |a Nguyễn Thị Linh Chi 
925 # # |a G 
926 # # |a A 
927 # # |a BB 
980 # # |a Thư viện Trường Đại học Đà Lạt